Ευρώπη και εκπαίδευση : τάσεις και προοπτικές

Αποθηκεύτηκε σε:
Λεπτομέρειες βιβλιογραφικής εγγραφής
Άλλοι συγγραφείς: Μακράκης, Βασίλης Γ. (Επιμελητής έκδοσης), Καλογιαννάκη-Χουρδάκη, Πέλλα (Επιμελητής έκδοσης)
Μορφή: Βιβλίο
Γλώσσα:Greek
Δημοσίευση: Αθήνα : Γρηγόρης, 1999
Έκδοση:2η έκδ.
Θέματα:
Ετικέτες: Προσθήκη ετικέτας
Δεν υπάρχουν, Καταχωρήστε ετικέτα πρώτοι!

MARC

LEADER 00000cam a2200000 i 4500
001 1/51282
008 040315s1999 gr | ||| |||| ||gre||
020 |a 9603331236 
035 |l 10072725 
040 |a GR-MY-UA  |b gre  |e aacr 
041 0 |a gre 
082 0 |a 370.4 
245 1 0 |a Ευρώπη και εκπαίδευση :  |b τάσεις και προοπτικές /  |c Π. Καλογιαννάκη - Β. Μακράκης επιμέλεια 
250 |a 2η έκδ. 
260 |a Αθήνα :   |b Γρηγόρης,   |c 1999 
300 |a 335 σ. 
650 0 0 |a Education  |z European Economic Community countries. 
650 0 0 |a Schools  |z European Economic Community countries. 
700 1 |a Μακράκης, Βασίλης Γ.  |4 edt 
700 1 |4 edt  |a Καλογιαννάκη-Χουρδάκη, Πέλλα. 
852 |a INST  |b RHODES  |e 20040315  |h 370.4 ΕΥΡ  |p 005400019431  |q 005400019431  |t BK  |y 0 
901 |a BIBL4-2001-1 
909 |a Ρ  |b 109106 
920 |a Δ.Α.Π.-ΝΔΦΚ  |y Ρόδος  |z 2004-03 
970 |a ΚΟΥΛΑΚΙΟΤΗ  |b ΛΙΤΣΑ  |z 2004/03/15